000 00454nam a22001697a 4500
005 20260223154655.0
008 260223b |||||||| |||| 00| 0 eng d
020 _a978-1-2920-4003-5
100 _aBOURDON RICHARD M.
245 _aUNDERSTANDING ANIMAL BREEDING
250 _a2ND EDITION
260 _aHARLOW
_bPEARSON EDUCATION LIMITED
_c2014
300 _aXIX,530P.
500 _aINCLUDES AN INDEX
650 _aANIMAL BREEDIND
942 _2lcc
_cBK
999 _c216597
_d216597